000 00980nmc a2200313 a 4500
003 AR-BaBNM
005 20251128205928.0
008 108019s1997 ||||||||||||||000 | spa||
020 _a950-503-226-9
040 _cAR-BaBNM
100 1 _aRatto, Jorge A.
245 1 0 _aEcología
_buna idea integradora y actualizada para el aprendizaje de las ciencias naturales en el tercer ciclo de la EGB : 7º, 8º y 9º año : aspectos informativos y didácticos
250 _a2| ed.
260 _aBuenos Aires
_bMarymar
_c1997
300 _a141 p.
_bil.
490 0 _aEl maestro en su acción cotidiana
500 _aContiene glosario en p. 137
650 4 _aCIENCIAS NATURALES
650 4 _aENSENANZA DE LA CIENCIA
650 4 _aTECNICAS DIDACTICAS
650 4 _aECOSISTEMAS
650 4 _aECOLOGIA
650 4 _aBIOLOGIA
653 _aEDUCACION GENERAL BASICA
653 _aTEMAS TRANSVERSALES
653 _aCONTENIDOS CURRICULARES
942 _cBK
998 _cMARTIN
999 _c13347
_d13347